Normal view
MARC view
- Winters, L. Alan.
Entry Personal Name
001 - CONTROL NUMBER
- control field: 24606
003 - CONTROL NUMBER IDENTIFIER
- control field: NUST
005 - DATE AND TIME OF LATEST TRANSACTION
- control field: 20191023112059.0
008 - FIXED-LENGTH DATA ELEMENTS
- fixed length control field: 191023|| aca||aabn | a|a d
040 ## - CATALOGING SOURCE
- Original cataloging agency: NUST
- Transcribing agency: NUST
100 ## - HEADING--PERSONAL NAME
- Personal name: Winters, L. Alan.
670 ## - SOURCE DATA FOUND
- Source citation: Work cat.: (NUST)0: Dancing with giants :, c2007.
